Hỏi - Đáp về lao động nước ngoài làm việc tại Việt Nam theo bộ luật lao động năm 2012
Trích dẫn những sửa đổi, bổ sung một số điều của Bộ luật lao động năm 2012 và giới thiệu Thông tư số 03/2014/TT-BLĐTBXH về lao động nước ngoài làm việc tại Việt Nam
Đã lưu trong:
| Príomhúdar: | |
|---|---|
| Formáid: | Leabhar |
| Teanga: | Undetermined |
| Foilsithe: |
Hà Nội
Chính trị Quốc gia
2014
|
| Ábhair: | |
| Clibeanna: |
Cuir Clib Leis
Gan Chlibeanna, Bí ar an gcéad duine leis an taifead seo a chlibeáil!
|
| Thư viện lưu trữ: | Trung tâm Học liệu Trường Đại học Cần Thơ |
|---|
| LEADER | 01016nam a2200217Ia 4500 | ||
|---|---|---|---|
| 001 | CTU_199753 | ||
| 008 | 210402s9999 xx 000 0 und d | ||
| 020 | |c 17000 | ||
| 082 | |a 344.59701 | ||
| 082 | |b Ng100 | ||
| 100 | |a Thanh, Nga | ||
| 245 | 0 | |a Hỏi - Đáp về lao động nước ngoài làm việc tại Việt Nam theo bộ luật lao động năm 2012 | |
| 245 | 0 | |c Thanh Nga chủ biên | |
| 260 | |a Hà Nội | ||
| 260 | |b Chính trị Quốc gia | ||
| 260 | |c 2014 | ||
| 520 | |a Trích dẫn những sửa đổi, bổ sung một số điều của Bộ luật lao động năm 2012 và giới thiệu Thông tư số 03/2014/TT-BLĐTBXH về lao động nước ngoài làm việc tại Việt Nam | ||
| 650 | |a Labor laws and legislation,Luật lao động và văn bản quy phạm pháp luật | ||
| 650 | |z Vietnam,Việt Nam | ||
| 904 | |i Hải | ||
| 980 | |a Trung tâm Học liệu Trường Đại học Cần Thơ | ||